000 00849nam a2200277 i 4500
001 bg
100 1 _aWORLEY, Scott
245 0 _aASP.NET :
_bvademecum profesjonalisty /
_cScott Worley ; [tł. z ang. Paweł Janociński].
246 _iTyt. oryg.:
_aInside ASP.NET
260 _aGliwice :
_b"Helion",
_ccop. 2003.
300 _a608 s. ;
_c25 cm.
500 _aTyt. oryg.: "Inside ASP.NET".
504 _aIndeks.
650 9 _aASP.NET
650 9 _aInternet
650 9 _aStrony WWW
_xprogramowanie
655 _aPodręczniki
020 _a8371976917
040 _cBPK
041 1 _apol
_heng
080 _a004.738.5:004.77
920 _a83-7197-691-7
942 _cKS
008 s pl f |000 0 pol
999 _c42977
_d42977
856 _uhttp://koha.tu.koszalin.pl/cgi-bin/koha/opac-detail.pl?biblionumber=42977
_yKatalog online BPK